000 01323cam a22004217a 4500
003 CHAP
005 20220817044031.0
008 050719d2004 it rn 00110 eng d
010 _a90551
011 _a91523
020 _a9251049912
035 _a102082
040 _cCHAP
082 0 4 _a630
_bF3 v.151
110 2 _aFAO
245 1 0 _aManual for the preparation and sale of fruits and vegetables :
_bfrom field market
_c/by Andrés F. López Camelo
260 _aRome :
_bFAO,
_c2004.
300 _a159 p.
410 _aFAO
490 0 _aFAO. Servicios agrícolas
_v; 151
590 _aBATCH-UPD
_b10
_c20130110
_lUCH01
_h0514
590 _aBATCH-UPD
_b10
_c20130410
_lUCH01
_h0152
590 _aBATCH-UPD
_b10
_c20130914
_lUCH01
_h1346
590 _aCONVERSION
_b10
_c20130109
_lUCH01
_h1350
650 1 4 _aFruta
_xEmpaque.
_943610
650 1 4 _aFruta
_xFechas de cosecha.
_943615
650 1 4 _aFruta
_xMercadeo.
_943633
650 1 4 _aLegumbres
_xEmpaque.
_965708
650 1 4 _aLegumbres
_xFechas de cosecha.
_965717
650 1 4 _aLegumbres
_xMercadeo.
_965740
700 0 _aLópez Camelo, Andrés F.
_967736
810 0 _aFAO
830 0 0 _aFAO. Servicios agrícolas
_v; 151
_939697
901 _aBK
905 _aLilia
942 _cLIBRO
949 _a630 F3 v.151
_bBC
_cFAO
_d33724000974002
_eFAO1
_h106194
_i102082
_sb
999 _c90551
_d90551